Statistics for Teamfight Tactics Set 8 - Units

Click here to take the quiz!

General Stats

  • This quiz has been taken 71 times
  • The average score is 34 of 59

Answer Stats

CostAnswer% Correct
1Kayle
78%
1Blitzcrank
75%
2Ezreal
75%
5Urgot
75%
5Fiddlesticks
72%
1Lux
72%
4Samira
72%
1Ashe
69%
3Rammus
69%
1Sylas
69%
2Vi
69%
5Aphelios
67%
1Gangplank
67%
3Jax
67%
5Leona
67%
4Miss Fortune
67%
3Cho'Gath
64%
2Draven
64%
2Jinx
64%
2Lee Sin
64%
1Lulu
64%
1Renekton
64%
3Alistar
61%
2Annie
61%
1Nasus
61%
5Nunu
61%
1Poppy
61%
3Vayne
61%
2Fiora
58%
5Janna
58%
3LeBlanc
58%
2Malphite
58%
3Riven
58%
4Sett
58%
5Syndra
58%
2Sivir
56%
1Wukong
56%
3Kai'Sa
53%
5Mordekaiser
53%
3Vel'Koz
53%
2Yasuo
53%
2Yuumi
53%
4Zed
53%
4Bel'Veth
50%
1
Galio
50%
4Ekko
50%
2Rell
50%
3Sona
50%
2Camille
47%
3Nilah
47%
4Aurelion Sol
44%
4Taliyah
44%
1Talon
44%
4Sejuani
42%
4Soraka
42%
4Zac
42%
3Zoe
42%
4Viego
39%
3Senna
22%

Score Distribution

Percentile by Number Answered

Percent of People with Each Score

Your Score History

You have not taken this quiz